[Event "La Pobla de Lillet op 21st"]
[Site "La Pobla de Lillet"]
[Date "2011.08.02"]
[Round "1"]
[White "Marca Esturnell, Josep Maria"]
[Black "Movsziszian, Karen"]
[Result "0-1"]
[WhiteElo "1861"]
[BlackElo "2493"]
[PlyCount "64"]
[EventDate "2011.08.02"]
[EventType "swiss"]
[EventRounds "9"]
[EventCountry "ESP"]
[SourceTitle "EXT 2015"]
[Source "ChessBase"]
[SourceDate "2014.11.20"]
[SourceVersion "1"]
[SourceVersionDate "2014.11.20"]
[SourceQuality "1"]

1. d4 Nf6 2. Bf4 d6 3. e3 g6 4. h3 Bg7 5. c3 0-0 6. Nf3 Nfd7 7. e4 e5 8. dxe5 dxe5 9. Be3 Qe7 10. Bc4 Nb6 11. Bb3 N8d7 12. Nbd2 Nc5 13. Bxc5 Qxc5 14. Qe2 Qe7 15. Nc4 Nd7 16. Ne3 c6 17. Rd1 Nc5 18. Bc2 Ne6 19. Qd2 Rd8 20. Qc1 Rxd1+ 21. Qxd1 Nf4 22. Bb3 h5 23. g4 b6 24. Kf1 Ba6+ 25. c4 Rd8 26. Qb1 Qc5 27. Kg1 Bc8 28. Kh2 Nxh3 29. Kxh3 hxg4+ 30. Nxg4 Qxf2 31. Rf1 Bxg4+ 32. Kxg4 Qg2+ 0-1

[Event "La Pobla de Lillet op 20th"]
[Site "La Pobla de Lillet"]
[Date "2010.??.??"]
[Round "1"]
[White "Rakhmanov, Alexander"]
[Black "Marca Esturnell, Josep Maria"]
[Result "1-0"]
[WhiteElo "2590"]
[BlackElo "1912"]
[PlyCount "65"]
[EventDate "2010.08.02"]
[EventType "swiss"]
[EventRounds "9"]
[EventCountry "ESP"]
[SourceTitle "EXT 2019"]
[Source "ChessBase"]
[SourceDate "2018.10.10"]
[SourceVersion "1"]
[SourceVersionDate "2018.10.10"]
[SourceQuality "1"]

1. d4 Nf6 2. c4 g6 3. Nc3 c5 4. d5 d6 5. e3 Bg7 6. Nge2 0-0 7. h4 e6 8. Nf4 exd5 9. cxd5 Re8 10. h5 g5 11. h6 gxf4 12. hxg7 Bf5 13. Qf3 Bg6 14. Qxf4 a6 15. a4 Qe7 16. f3 Qe5 17. Qxe5 Rxe5 18. e4 Rh5 19. Rg1 Kxg7 20. Bf4 Ne8 21. g4 Rh4 22. Kf2 Nd7 23. Kg3 Rh6 24. Bxh6+ Kxh6 25. f4 f6 26. Rb1 Nc7 27. Bh3 Nf8 28. b4 c4 29. Kf3 b5 30. axb5 Nxb5 31. Nxb5 axb5 32. Ra1 Re8 33. Rge1 1-0

[Event "Catalunya-ch"]
[Site "Barcelona"]
[Date "2007.04.08"]
[Round "8"]
[White "Marca Esturnell, Josep Maria"]
[Black "Aunes Cabanero, Jose"]
[Result "1-0"]
[WhiteElo "2011"]
[BlackElo "1830"]
[PlyCount "97"]
[EventDate "2007.04.01"]
[EventType "swiss"]
[EventRounds "9"]
[EventCountry "ESP"]
[SourceTitle "CBM 117 Extra"]
[Source "ChessBase"]
[SourceDate "2007.05.09"]
[SourceVersion "1"]
[SourceVersionDate "2007.05.09"]
[SourceQuality "1"]

1. d4 d5 2. Nf3 Nf6 3. c4 Bf5 4. Nc3 e6 5. Bg5 Bb4 6. e3 h6 7. Bh4 g5 8. Bg3 Ne4 9. Rc1 Nc6 10. a3 Bxc3+ 11. bxc3 Qe7 12. Qb3 b6 13. cxd5 Na5 14. Qb5+ Kf8 15. dxe6 Bxe6 16. Bd3 Qxa3 17. Qb4+ Qxb4 18. cxb4 Nb3 19. Bxe4 Nxc1 20. Bxa8 Nd3+ 21. Kd2 Nxb4 22. Bxc7 Ke7 23. Be4 f5 24. Bd3 Rc8 25. Bg3 Nxd3 26. Kxd3 Bc4+ 27. Kd2 Bd5 28. Rc1 Rxc1 29. Kxc1 a6 30. Ne1 g4 31. f3 gxf3 32. Nxf3 Kd7 33. Kd2 Kc6 34. Nh4 a5 35. Nxf5 Bxg2 36. Nxh6 a4 37. Kc3 b5 38. Be5 Kb6 39. Bd6 Bd5 40. Ng4 Kc6 41. Ba3 Be4 42. h4 Bb1 43. h5 Kd5 44. h6 Bf5 45. h7 Bxh7 46. Nf6+ Ke6 47. Nxh7 Kf5 48. d5 Ke4 49. d6 1-0

[Event "Fouesnant op 11th"]
[Site "Fouesnant"]
[Date "2005.10.28"]
[Round "8"]
[White "Marca Esturnell, Josep Maria"]
[Black "Frison, Stephane"]
[Result "1-0"]
[WhiteElo "1975"]
[BlackElo "1855"]
[PlyCount "94"]
[EventDate "2005.10.22"]
[EventType "swiss"]
[EventRounds "9"]
[EventCountry "FRA"]
[SourceTitle "EXT 2007"]
[Source "ChessBase"]
[SourceDate "2006.11.23"]
[SourceVersion "1"]
[SourceVersionDate "2006.11.23"]
[SourceQuality "1"]

1. d4 Nf6 2. Bf4 d6 3. e3 g6 4. Nf3 Bg7 5. Nbd2 0-0 6. c3 c5 7. Be2 Nc6 8. dxc5 dxc5 9. Ne5 Nxe5 10. Bxe5 Be6 11. c4 Qb6 12. Qb3 Qxb3 13. axb3 Rad8 14. 0-0-0 a6 15. Bxf6 Bxf6 16. Ne4 b6 17. Nxf6+ exf6 18. Kc2 Rfe8 19. Kc3 Rb8 20. Rd6 Red8 21. Rhd1 Rxd6 22. Rxd6 Kf8 23. b4 cxb4+ 24. Kxb4 Ke7 25. Rd1 Bd7 26. Bf3 a5+ 27. Kc3 b5 28. cxb5 Bxb5 29. b3 Rc8+ 30. Kb2 a4 31. Rd5 Bd7 32. b4 Rc4 33. Rd4 Rc7 34. Be2 Be6 35. Bd1 Bd7 36. Bc2 a3+ 37. Kb1 a2+ 38. Kxa2 Rxc2+ 39. Kb3 Rxf2 40. Kc4 Rc2+ 41. Kd5 Be6+ 42. Ke4 Rc4 43. b5 Rxd4+ 44. Kxd4 Kd6 45. e4 Bc8 46. h4 Bb7 47. g3 h5 1-0